NFL Standings 2012 - Statistics

General Stats
  • This quiz has been taken 467 times
  • The average score is 28 of 32
Answer Stats
Division Rank Team W L T % Correct
AFC EAST 1 Patriots 12 4 0
98%
2 Dolphins 7 9 0
95%
AFC NORTH 1 Ravens 10 6 0
95%
4 Bills 6 10 0
94%
3 Jets 6 10 0
94%
4 Browns 5 11 0
93%
3 Steelers 8 8 0
93%
2 Bengals 10 6 0
92%
AFC WEST 1 Broncos 13 3 0
91%
2 Chargers 7 9 0
91%
AFC SOUTH 1 Texans 12 4 0
91%
4 Chiefs 2 14 0
90%
2 Colts 11 5 0
90%
3 Raiders 4 12 0
90%
2 Giants 9 7 0
89%
NFC NORTH 1 Packers 11 5 0
89%
3 Titans 6 10 0
89%
3 Bears 10 6 0
88%
3 Cowboys 8 8 0
88%
4 Eagles 4 12 0
88%
4 Jaguars 2 14 0
88%
NFC EAST 1 Redskins 10 6 0
88%
2 Vikings 10 6 0
88%
4 Lions 4 12 0
87%
NFC SOUTH 1 Falcons 13 3 0
86%
NFC WEST 1 49ers 11 4 1
84%
2 Panthers 7 9 0
84%
3 Saints 7 9 0
84%
2 Seahawks 11 5 0
84%
4 Buccaneers 7 9 0
81%
3 Rams 7 8 1
81%
4 Cardinals 5 11 0
80%
No matching quizzes found
Score Distribution
Percent of People with Each Score
Percentile by Number Answered
Your Score History
You have not taken this quiz